000 00250nam a2200121Ia 4500
100 _aGoroshkin/A.K
942 _cBK
245 _aJigs and fixtures handbook
260 _bMir publishers
082 _a621.992
_bGOR
546 _aENGLISH
999 _c34833
_d34833